[Event "Krakow op-D"]
[Site "Krakow"]
[Date "2000.12.30"]
[Round "4"]
[White "Rugierro, Janusz"]
[Black "Kus, Bernard"]
[Result "1-0"]
[WhiteElo "1600"]
[BlackElo "1600"]
[PlyCount "85"]
[EventDate "2000.12.??"]
[EventType "swiss"]
[EventRounds "9"]
[EventCountry "POL"]
[SourceTitle "EXT 2005"]
[Source "ChessBase"]
[SourceDate "2004.11.15"]
[SourceVersion "1"]
[SourceVersionDate "2004.11.15"]
[SourceQuality "1"]

1. c4 e5 2. Nc3 Bb4 3. Qc2 Bxc3 4. Qxc3 Nc6 5. d3 d6 6. g3 Be6 7. Bg2 Qd7 8. Nf3 h6 9. 0-0 Bh3 10. Ne1 g5 11. f4 Nd4 12. Rf2 Bxg2 13. Kxg2 0-0-0 14. fxg5 hxg5 15. Bxg5 f6 16. Bh4 Ne7 17. Bxf6 Qh3+ 18. Kg1 Rh7 19. Nf3 Nxf3+ 20. exf3 Rg8 21. g4 Nf5 22. Qe1 Rh6 23. Qf1 Qxf1+ 24. Kxf1 Ne3+ 25. Ke1 Rxf6 26. Kd2 Nxg4 27. Rg2 Nh6 28. Rf2 Rfg6 29. Ke2 Rg2 30. Rh1 Nf5 31. a3 Nh4 32. Rhf1 Rxf2+ 33. Rxf2 Rg2 34. Rxg2 Nxg2 35. Kf2 Nf4 36. Ke3 Kd7 37. d4 Ke6 38. Ke4 Ng6 39. b4 exd4 40. Kxd4 Nf4 41. Ke4 c5 42. Kxf4 cxb4 43. axb4 1-0